| 000 | 00542 a2200181 4500 | ||
|---|---|---|---|
| 003 | OSt | ||
| 005 | 20240127103246.0 | ||
| 008 | 240127b |||||||| |||| 00| 0 eng d | ||
| 020 | _a9789391376307 | ||
| 040 | _coclc | ||
| 082 |
_a954.83 _bKUR/M |
||
| 100 |
_aKurup, K K N _d1939- author. _91879 |
||
| 245 |
_aMalabarinte Sanjara Charithram / _cK.K.N. Kuruppu and Husain Randathani |
||
| 250 | _a1st ed. | ||
| 260 |
_aCalicut: _bIPB Books, _c2021. |
||
| 300 | _a566p. | ||
| 942 |
_2ddc _cBK _h954.83 _iKUR/M _k954.83 _mKUR/M |
||
| 999 |
_c43312 _d43312 |
||